00994nam a22001457a 4500003000400000020001800004082001600022100002300038245003300061250000900094260002900103300000800132650003300140653067500173SGT a9788126511105 a668.9, BIL  aBILLMEYER W. FRED  aTEXTBOOK OF POLYMER SCIENCE  a3RD  aNEW DELHI bWILEY c2012 a578 aPOLYMERS AND POLYMERIZATION  aThe Science of Large Molecules, Step-Reaction (Condensation) Polymerization, Radical Chain (Addition) Polymerization, Ionic and Coordination Chain (Addition) Polymerization, Copolymerization, Polymerization Conditions and Polymer Reaction, Polymer Solutions, Measurement of Molecular Weight and Size, Analysis and Testing of Polymers, Morphology and Order in Crystalline Polymers, Rheology and the Mechanical Properties of Polymers, Polymer Structure and Physical Properties, Hydrocarbon Plastics and Elastomer, Other Carbon-Chain Polymers, Heterochain Thermoplastics, Thermosetting Resins, Plastics Technology, Fiber Technology, Elastomer Technology